ბათუმის შოთა რუსთაველის სახელმწიფო უნივერსიტეტის ბიბლიოთეკა

Severno emonsko robisce the northern necropolis of emona / (ბიბ.ჩანაწერი № 60516)

000 -LEADER
fixed length control field 00514nam a22001457a 4500
005 - DATE AND TIME OF LATEST TRANSACTION
control field 20230810135041.0
008 - FIXED-LENGTH DATA ELEMENTS--GENERAL INFORMATION
fixed length control field 230810s1972 xxu||||| |||| 00| 0 d
080 ## - UNIVERSAL DECIMAL CLASSIFICATION NUMBER
Universal Decimal Classification number 902/904(084.1) P-74
100 ## - MAIN ENTRY--PERSONAL NAME
Personal name Plesnigar-Gec Ljudmila
9 (RLIN) 19656
245 ## - TITLE STATEMENT
Title Severno emonsko robisce the northern necropolis of emona /
Statement of responsibility, etc. Ljudmila Plesnigar-Gec.
264 ## - PRODUCTION, PUBLICATION, DISTRIBUTION, MANUFACTURE, AND COPYRIGHT NOTICE
Place of production, publication, distribution, manufacture Ljubjana,
Date of production, publication, distribution, manufacture, or copyright notice 1972.
300 ## - PHYSICAL DESCRIPTION
Extent 272 p. :
Other physical details ill.;
Dimensions 35 cm.
653 ## - INDEX TERM--UNCONTROLLED
keyword ემონას ჩრდილოეთი ნეკროპოლისი
942 ## - ADDED ENTRY ELEMENTS (KOHA)
Source of classification or shelving scheme
Koha item type წიგნი
ეგზემპლარები
Withdrawn status Lost status Source of classification or shelving scheme Damaged status Not for loan Permanent Location Current Location Shelving location Date acquired Cost, normal purchase price Full call number Barcode Date last seen Copy number Uniform Resource Identifier Price effective from Koha item type Public note
          ბათუმის შოთა რუსთაველის სახელმწიფო უნივერსიტეტის მთავარი ბიბლიოთეკა ბათუმის შოთა რუსთაველის სახელმწიფო უნივერსიტეტის მთავარი ბიბლიოთეკა წიგნსაცავი 2023-08-10 25.00 902/904(084.1) P-74 65161 2023-08-10 65161 ბსუ-ს საპატიო დოქტორის გურამ ლორთქიფანიძის საჩუქარი 2023-08-10 წიგნი 25 ლ.